00768nam a2200205Ia 450000500170000000800410001704000190005804100120007708200150008924501870010426000490029130000310034065000250037165100110039670000250040785000100043294200070044299900170044995200960046620231030094024.0131103s9999 xx 000 0 und d aLoreto College aEnglish a914.2bHEA aOur beautiful homelandb York : Ripon and Harrogate the English Lakes : Scarhorough : cpainted by Ernest W.Haslehust;described by George Benson, A.G.Bradley [and] R.Murray Gilchrist aLondonbThe Gresham Publishing Co.c[19 - ?] a64,37,64,56,64 p.b plates aGeography of England aTravel aHaslechust,Ernest W. aLCLIB cBK c12526d63005 00102ddc4070aMAINbMAINd2013-11-04l0o914.2 HEApB12438r2013-11-04w2013-11-04yBKf